banner-ar

PEACEWATCH ANTHOLOGY : (Record no. 4723)

MARC details
000 -الفاتح
حقل البيانات ثابتة الطول 00791nam a2200217Ia 4500
008 - عناصر البيانات ثابتة الطول - معلومات عامة
حقل البيانات ثابتة الطول 140319s9999 xx 000 0 eng d
020 ## - الرقم الدولى المعيارى للكتب
الرقم الدولى المعيارى للكتاب 094402950
040 ## - مصدر الفهرسة
وكالة الفهرسة الأصلية GCL /
وكالة النسخ GCL
082 04 - رقم تصنيف ديوى العشرى
رقم التصنيف 327.56
رقم المادة F P
100 1# - المدخل الرئيسى - إسم شخصى
الإسم الشخصى STALEY, KIMBERLY
245 10 - بيان العنوان
العنوان PEACEWATCH ANTHOLOGY :
بقية العنوان ANALYSIS OF THE ARAB - ISRAELI PEACE PROCESS FROM THE MADRID PEACE CONFERENCE TO THE AVE OF PRESIDENT CLINTON'S INAUGURATION /
بيان المسئوليه,etc STALEY, KIMBERLY
700 1# - المدخل الاضافى - اسم شخصى
الإسم الشخصى FEUERWERGER, MARVIN
700 1# - المدخل الاضافى - اسم شخصى
الإسم الشخصى INDYKE, MARTIN
260 ## - PUBLICATION, DISTRIBUTION, ETC. (IMPRINT)
تاريخ النشر أو التوزيع 1993
300 ## - الوصف المادى
التعداد X11, 173 P
تفاصيل ماديه اخرى للوعاء ILLS. ؛
أبعاد الوعاء 28 cm.
650 04 - المدخل الاضافى بالموضوع-مصطلح موضوعى
مصطلح موضوعي MIDDLE EAST - FORIEGN RELATION
650 04 - المدخل الاضافى بالموضوع-مصطلح موضوعى
مصطلح موضوعي ISRAEL - ARAB CONFLICT
650 04 - المدخل الاضافى بالموضوع-مصطلح موضوعى
مصطلح موضوعي DIPLOMATIC NEGOTIATIONS IN INTERNAITONAL DISPUTES
942 ## - عناصر المدخل الإضافي( كوها)
مصدر التصنيف او مخطط الترفيف Dewey Decimal Classification
Koha [default] item type كتاب
260 ## - PUBLICATION, DISTRIBUTION, ETC. (IMPRINT)
-- [S.N] :
-- WASHINGTON INSTITUTE FOR NEAR EAST POLICY ،
Holdings
حالة التراجع حالة الفقد حالة تلف ليس للاعارة المكان المؤقت الموقع الحالى تاريخ الاكتساب اجمالي اﻻعارات رقم الطلب الباركود تاريخ اخر مشاهدة تاريخ تفعيل السعر نوع وعاء كوها
        مكتبة القاهرة الكبرى مكتبة القاهرة الكبرى 03/26/2014   327.56\F P 10639 03/26/2014 03/26/2014 كتاب

Powered By

EGPV